MARC

LEADER 00000nam0a2200000 4500
001 12008
005 20231030184014.0
010 |a 5691002600 
035 |a (RuTPU)RU\TPU\book\12082 
035 |a BOOK00012148 
090 |a 12008 
100 |a 20011209d1999 m y0rusy50 ca 
101 0 |a rus 
102 |a RU 
105 |a y j 000zy 
200 1 |a Введение в конфликтологию  |e учебное пособие  |f Г. И. Козырев 
210 |a Москва  |c Владос  |d 1999 
215 |a 174 с. 
451 1 |0 (RuTPU)RU\TPU\book\24476  |y 5-691-00260-0  |t Введение в конфликтологию  |o учебное пособие для вузов  |f Г. И. Козырев  |c М.  |n Владос  |d 2000  |p 174 с.  |s Учебное пособие для вузов  |a Козырев, Геннадий Иванович 
610 1 |a психология 
610 1 |a социология 
610 1 |a социальная психология 
610 1 |a конфликты 
610 1 |a конфликтология 
610 1 |a учебные пособия 
686 |a Ю953я73  |v LBC/SL-A  |2 rubbk 
700 1 |a Козырев  |b Г. И.  |g Геннадий Иванович 
801 0 |a RU  |b 63413507  |c 20011209  |g PSBO 
801 2 |a RU  |b 63413507  |c 20120517  |g PSBO 
900 |a Конфликтология 
900 |a Психология 
942 |c BK